000 00471nam a22001697a 4500
003 NUST - PNEC
005 20170116180923.0
008 150905b xxu||||| |||| 00| 0 eng d
020 _a053439132X
040 _cLIBRARY
082 _a621 WIC
100 _97888
_aWickert, Jonathan A. (Jonathan Adam)
245 _aAn introduction to mechanical engineering
_c Jonathan A. Wickert
260 _cc.2004
650 _97890
_aMechanical engineering
_xME
942 _2ddc
_cBK
999 _c65684
_d65684